Stubble over the soil : the vital role of plant residue in soil management to improve soil quality /

Guardado en:
Autor Principal: Lamarca, Carlos Crovetto, 1933-
Autor Corporativo: American Society of Agronomy.
Formato: Libro
Idioma:English
Publicado: Madison, WI : American Society of Agronomy, 1996.
Etiquetas: Agregar Etiqueta
Sin Etiquetas, Sea el primero en etiquetar este registro!
LEADER 00808nam a2200229 a 4500
001 EEA.libagro010244
005 20161011101144.0
008 960808s1996####wiuab####b####000#0#eng##
010 |a  96085124  
020 |a 0891181318 
040 |a DLC  |c DLC 
043 |a s-cl--- 
050 0 0 |a S604  |b .L35 1996 
082 0 0 |a 631.451 
082 0 0 |a 631.581 
100 1 |a Lamarca, Carlos Crovetto,  |d 1933- 
245 1 0 |a Stubble over the soil :  |b the vital role of plant residue in soil management to improve soil quality /  |c Carlos Crovetto Lamarca. 
260 |a Madison, WI :  |b American Society of Agronomy,  |c 1996. 
300 |a xxii, 245 p. :  |b col. il., mapas ;  |c 25 cm. 
504 |a Incluye referencias bibliográficas. 
710 2 |a American Society of Agronomy. 
859 |a AR-BbBCA  |b BIB. AGRONOMIA  |h 631.451  |i C952  |p 1998/3223